[Event "URS-ch otbor"]
[Site "Cheliabinsk"]
[Date "1975.??.??"]
[Round "?"]
[White "Gorshkov, Y."]
[Black "Ivanov, Alexander"]
[Result "1-0"]
[WhiteElo "2200"]
[BlackElo "2200"]

1.e4 e5 2.Nf3 Nc6 3.Bb5 Nf6 4.d3 d6 5.c3 Bd7 6.O-O Be7 7.Re1 O-O 8.Nbd2 Be8
9.Nf1 Nd7 10.Ng3 Nb6 11.d4 f6 12.Bd3 Bf7 13.b3 Re8 14.Bd2 Bf8 15.a4 a5 16.Bb5 Nd7
17.Qc2 Kh8 18.Rad1 exd4 19.cxd4 d5 20.Bxc6 bxc6 21.e5 c5 22.exf6 Rxe1+ 23.Rxe1 Qxf6
24.Bc3 Bg6 25.Qd2 Qb6 26.dxc5 Nxc5 27.Qxd5 c6 28.Qc4 Qxb3 29.Qxb3 Nxb3 30.Ne5 c5
31.Nxg6+ hxg6 32.Re6 Rd8 33.h4 Rd1+ 34.Kh2 Rc1 35.Ne4 Nd4 36.Rxg6 Ne2 37.Be5 c4
38.Rc6 Be7 39.h5 Kg8 40.Rc7 Kf8 41.Bxg7+ Kxg7 42.Rxe7+ Kh6 43.Re6+  1-0

[Event "URS-ch otbor"]
[Site "Cheliabinsk"]
[Date "1975.??.??"]
[Round "?"]
[White "Kaiumov, Dmitry D"]
[Black "Ivanov, Alexander"]
[Result "0-1"]
[WhiteElo "2200"]
[BlackElo "2200"]

1.e4 e5 2.Nf3 Nc6 3.Bb5 d6 4.d4 Bd7 5.Nc3 exd4 6.Nxd4 g6 7.O-O Bg7 8.Bxc6 bxc6
9.Bf4 Nf6 10.Qd2 O-O 11.Rad1 Re8 12.Rfe1 Qb8 13.Nb3 Ng4 14.h3 Ne5 15.Bh6 Nc4
16.Qc1 Bh8 17.Rd3 Qb6 18.Rf3 a5 19.a4 Re6 20.Qf4 Ne5 21.Rg3 Rae8 22.Qh4 Qb4
23.Rd1 Nc4 24.Nd4 Nxb2 25.Nxe6 Bxe6 26.Rb1 Bxc3 27.Rxc3 Qxc3 28.f4 f6 29.e5 g5
30.fxg5 Qxc2 31.Rf1 Bd5 32.Rf2 Qb1+ 33.Kh2 Nd1 34.Rxf6 Qb2 35.Qg3 Qxe5 36.Rf4 Be4
37.g6 hxg6 38.Qb3+ Kh7 39.Qf7+ Kxh6 40.g3 Bf5  0-1

[Event "URS-FL"]
[Site "Ashkhabad"]
[Date "1978.??.??"]
[Round "7"]
[White "Ivanov, Alexander"]
[Black "Kakageldyev, Amanmurad"]
[Result "1/2-1/2"]
[WhiteElo "2395"]
[BlackElo "2415"]

1.e4 Nf6 2.e5 Nd5 3.d4 d6 4.Nf3 g6 5.Bc4 Nb6 6.Bb3 Bg7 7.Ng5 d5 8.O-O h6
9.Nf3 Nc6 10.c3 Bg4 11.h3 Bxf3 12.Qxf3 e6 13.a4 a6 14.Nd2 Ne7 15.Bc2 c5 16.Nb3 cxd4
17.cxd4 Nc4 18.Nd2 Rc8 19.Qd3 Nc6 20.Bd1 Qb6 21.Nf3 O-O 22.b3 Nb4 23.Qe2 Na5
24.Qd2 Nac6 25.Bb2 a5 26.Rc1 Rc7 27.Be2 Rfc8 28.Bc3 Ne7 29.Bb5 Nbc6 30.g4 Bf8
31.Kg2 Kh8 32.Rfe1 Ng8 33.Re3 Ba3 34.Rd1 Bb4 35.Bxb4 Nxb4 36.Ne1 Nc2 37.Rf3 Nxe1+
38.Rxe1 Kg7 39.h4 Rc2 40.Qf4 Qc7 41.Rb1 Rc3 42.b4 Rxf3 43.Qxf3 axb4 44.Rxb4 Qe7
45.Rb1 Qxh4 46.Be2 Rc7 47.a5 Qg5 48.Qe3 Qxe3 49.fxe3 f6 50.Rb6 Kf7 51.Bf3 fxe5
52.e4 Ne7 53.exd5 exd5 54.dxe5 Rc5 55.a6 bxa6 56.Rxa6 d4 57.Rf6+ Kg7 58.Rd6 Rxe5
59.Rxd4 Kf6 60.Kg3 Kg5 61.Ra4 Ng8 62.Ra8 Nf6 63.Ra7 Rc5 64.Re7 Ra5 65.Rc7 Re5
66.Ra7 Ne8 67.Rd7 Re6 68.Rd5+ Kf6 69.Rd7 Rb6 70.Rh7 Kg5 71.Re7 Nd6 72.Re6 Ra6
73.Kf2 Ra2+ 74.Be2 Nf7 75.Ke3 Ra5 76.Kd4 Ra8 77.Bd3 Rd8+ 78.Ke3 Rd6 79.Rxd6 Nxd6
80.Kf3 Kf6 81.Ke3 Kg5 82.Kf3 Nf7 83.Kg3 Ne5 84.Be2 Nc6 85.Bd3 Ne7 86.Bc4 Kf6
87.Kf4 Nc8 88.Bd3 Nd6  1/2-1/2

[Event "URS-FL"]
[Site "Ashkhabad"]
[Date "1978.??.??"]
[Round "13"]
[White "Ivanov, Alexander"]
[Black "Razuvaev, Yuri S"]
[Result "0-1"]
[WhiteElo "2395"]
[BlackElo "2465"]

1.c4 e5 2.g3 Nc6 3.Bg2 g6 4.Nc3 Bg7 5.Rb1 a5 6.a3 Nf6 7.e3 O-O 8.Nge2 d6
9.d3 Ne7 10.e4 c6 11.d4 d5 12.exd5 exd4 13.Nxd4 cxd5 14.cxd5 Nexd5 15.O-O Nxc3
16.bxc3 Nd5 17.Bd2 a4 18.Re1 Ra6 19.Qf3 Nxc3 20.Bxc3 Bxd4 21.Rbd1 Rd6 22.Bb4 Rf6
23.Qe4 Bxf2+ 24.Kh1 Bxe1 25.Rxd8 Bxb4 26.Rd1 Bxa3 27.Qxa4 Bc5 28.Qa1 Rf2
29.Qe5 b6 30.h3 h5 31.Rf1 Rxf1+ 32.Bxf1 Be6 33.Qf6 Ra8 34.g4 hxg4 35.hxg4 Ra4
36.Be2 Ra2 37.Qd8+ Kg7 38.Qd1 Be3 39.Qd3 Bg5 40.Kg1 Bf6 41.Kf1 Ra1+ 42.Kf2 Ra2
43.Kf1 Rb2 44.Qd6 g5 45.Qc6 Rb4 46.Ke1 Be5 47.Bf3 Rb1+ 48.Ke2 Rb2+ 49.Kf1 b5
50.Be2 b4 51.Qe4 Bc3 52.Bc4 Rb1+ 53.Kf2 Re1 54.Qc6 Rc1 55.Qe4 Bxc4  0-1

[Event "URS-ch U26"]
[Site "Vilnius"]
[Date "1978.??.??"]
[Round "2"]
[White "Dolmatov, Sergey"]
[Black "Ivanov, Alexander"]
[Result "1-0"]
[WhiteElo "2495"]
[BlackElo "2395"]

1.e4 c6 2.d3 d5 3.Nd2 Nf6 4.Ngf3 g6 5.g3 b6 6.Bg2 dxe4 7.dxe4 Ba6 8.c4 Nfd7
9.O-O Bg7 10.Rb1 O-O 11.b4 Qc7 12.Qe2 e5 13.Rd1 Re8 14.Nf1 Bb7 15.Ne3 Nf8
16.Bd2 a5 17.a3 axb4 18.axb4 Ra2 19.Qd3 Nbd7 20.Bc3 h5 21.Bb2 Nf6 22.Qc2 Raa8
23.c5 bxc5 24.bxc5 Ba6 25.Nc4 Bxc4 26.Qxc4 N6d7 27.Ng5 Re7 28.Bc1 Bf6 29.h4 Ra5
30.Be3 Bxg5 31.hxg5 Ne6 32.Bh3 Nexc5 33.Rdc1 Qd6 34.Bxd7 Nxd7 35.Qxc6 Qxc6
36.Rxc6 Re6 37.Rc8+ Kg7 38.Rd1 Nb6 39.Bxb6 Rxb6 40.Rdd8 Ra1+ 41.Kg2  1-0

[Event "URS-ch U26"]
[Site "Vilnius"]
[Date "1978.??.??"]
[Round "4"]
[White "Agzamov, Georgy"]
[Black "Ivanov, Alexander"]
[Result "0-1"]
[WhiteElo "2390"]
[BlackElo "2395"]

1.d4 Nf6 2.c4 e6 3.Nc3 Bb4 4.Qc2 c5 5.dxc5 O-O 6.Nf3 Na6 7.a3 Bxc3+ 8.Qxc3 Nxc5
9.b4 Nce4 10.Qc2 a5 11.Nd2 Nxf2 12.Kxf2 Ng4+ 13.Kg3 Ne3 14.Qb3 Qg5+ 15.Kf3 Ng4
16.e3 Qf5+ 17.Ke2 Qf2+ 18.Kd3 d5 19.Kc2 Nxe3+ 20.Kb1 e5 21.Ne4 Bf5 22.Bxe3 Bxe4+
23.Kc1 Qf6 24.Bd2 dxc4 25.Qc3 axb4 26.Qxb4 Rfc8 27.Qc3 b5 28.Be2 Bxg2 29.Re1 Ra6
30.Bg4 Re8 31.Bd7 Re7 32.Bxb5 Rd6 33.Re3 Qf2 34.Rb1 h6 35.Rb4 Bf1 36.Rf3 Qg1
37.Qe3 Qh1 38.Rg3 c3 39.Bxc3 Bxb5+ 40.Rg1 Qc6 41.Kb2 Rd3 42.Qc1 f6 43.Qc2 Rc7
44.Rc1 Qd5 45.Qb3 Bc4 46.Rb8+ Kh7 47.Qb6 Rd7 48.a4 Rd1 49.Rxd1 Qxd1 50.Ka3 Rd3
51.Qb2 Qf3 52.Qc2 e4 53.Kb2 Rd1 54.Ka3 Rd3 55.Kb2 Qe3 56.Rb7 Bd5 57.Rb4 f5
58.a5 f4  0-1

[Event "URS-ch U26"]
[Site "Vilnius"]
[Date "1978.??.??"]
[Round "6"]
[White "Mikhalchishin, Adrian"]
[Black "Ivanov, Alexander"]
[Result "1/2-1/2"]
[WhiteElo "2460"]
[BlackElo "2395"]

1.d4 Nf6 2.c4 e6 3.g3 d5 4.Bg2 dxc4 5.Nf3 a6 6.O-O b5 7.Ne5 Nd5 8.a4 Bb7
9.b3 cxb3 10.axb5 axb5 11.Rxa8 Bxa8 12.Qxb3 c6 13.Qa2 Nc7 14.Nc3 Bb4 15.Nxb5 cxb5
16.Bxa8 Nxa8 17.Qxa8 O-O 18.Bb2 Bd6 19.Nd3 Qb6 20.Rc1 Rd8 21.Nc5 Bf8 22.Qf3 Nd7
23.Ne4 h6 24.Rc6 Qb8 25.g4 Rc8 26.Qc3 Rd8 27.Qf3 Rc8 28.Qc3 Rd8 29.Qf3  1/2-1/2

[Event "URS-ch U26"]
[Site "Vilnius"]
[Date "1978.??.??"]
[Round "7"]
[White "Ivanov, Alexander"]
[Black "Jussupow, Artur"]
[Result "1-0"]
[WhiteElo "2395"]
[BlackElo "2450"]

1.e4 e5 2.Nf3 Nc6 3.Bb5 a6 4.Ba4 Nf6 5.O-O Be7 6.Bxc6 dxc6 7.d3 Nd7 8.Nbd2 O-O
9.Nc4 Bd6 10.b3 c5 11.Bb2 Re8 12.g3 f6 13.Nh4 Nf8 14.f4 exf4 15.gxf4 Ng6
16.Ng2 Bh3 17.Nce3 c6 18.Qh5 Bxg2 19.Nxg2 c4 20.Kh1 cxd3 21.cxd3 Qc7 22.f5 Nf8
23.Rad1 Qf7 24.Qh4 Rad8 25.Ne3 Be5 26.Ng4 Kh8 27.Nxe5 fxe5 28.Bxe5  1-0

[Event "URS-ch U26"]
[Site "Vilnius"]
[Date "1978.??.??"]
[Round "8"]
[White "Panchenko, Alexander N"]
[Black "Ivanov, Alexander"]
[Result "1/2-1/2"]
[WhiteElo "2495"]
[BlackElo "2395"]

1.e4 c6 2.d4 d5 3.Nd2 dxe4 4.Nxe4 Bf5 5.Ng3 Bg6 6.Nh3 e6 7.Nf4 Qc7 8.h4 Bd6
9.Nxg6 hxg6 10.Ne4 Bf4 11.g3 Bxc1 12.Qxc1 Nf6 13.Bg2 Nxe4 14.Bxe4 Nd7 15.Qg5 Rh5
16.Qe3 Rb5 17.O-O-O Qb6 18.Qc3 Nf6 19.Bf3 O-O-O 20.Rd2 Nd5 21.Bxd5 Rbxd5
22.Rhd1 Qa5 23.Qxa5 Rxa5 24.a3 g5 25.hxg5 Rxg5 26.c3 Rh5 27.Kc2 e5 28.dxe5 Rxd2+
29.Rxd2 Rxe5 30.c4 Kc7 31.Kc3 f6 32.b4 a5 33.c5 axb4+ 34.axb4  1/2-1/2

[Event "URS-ch U26"]
[Site "Vilnius"]
[Date "1978.??.??"]
[Round "10"]
[White "Chekhov, Valery A"]
[Black "Ivanov, Alexander"]
[Result "1-0"]
[WhiteElo "2470"]
[BlackElo "2395"]

1.Nf3 Nf6 2.c4 e6 3.Nc3 b6 4.e4 Bb7 5.Bd3 d5 6.cxd5 exd5 7.e5 Nfd7 8.O-O Nc5
9.Bb5+ c6 10.d4 Ne6 11.Ba4 Be7 12.Re1 O-O 13.Bc2 Re8 14.Qd3 Nf8 15.Bf4 Na6
16.a3 Nc7 17.Rad1 Nce6 18.Bg3 a5 19.h3 g6 20.Qd2 Kg7 21.Nh2 h5 22.Nf1 Kg8
23.Kh1 Bc8 24.f4 Ng7 25.Bf2 Ra7 26.Ne3 f6 27.Bh4 g5 28.fxg5 fxe5 29.dxe5 Kh8
30.Rf1 Bxg5 31.Bxg5 Qxg5 32.Qd3 Kg8 33.Ncxd5 cxd5 34.Nxd5 Bb7 35.Rxf8+ Rxf8
36.Qh7+ Kf7 37.Rf1+ Ke6 38.Rxf8 Bxd5 39.Be4 Bxe4 40.Qxe4 Rd7 41.Rf6+ Ke7
42.Rg6 Qc1+ 43.Kh2 Ne8 44.Rc6 Qxb2 45.Qf5 Qb5 46.Re6+ Kd8 47.Qg5+ Kc7 48.Rxe8 Qc5
49.Qg3 h4 50.Qxh4 Qxa3 51.Qf4 Qb4 52.Qg3 Rd5 53.h4 a4 54.e6+ Qd6 55.e7 Qxg3+
56.Kxg3 Re5 57.Kf4 Kd7 58.Rb8 Re2 59.g4 Kxe7 60.Rxb6 a3 61.Ra6 a2 62.Kf5 Rf2+
63.Kg5 Rb2 64.Ra7+ Kf8 65.h5 Kg8 66.h6 Rb5+ 67.Kg6 Rb6+ 68.Kh5 Rb2 69.g5 Rc2
70.g6 Rh2+ 71.Kg5 Rg2+ 72.Kf5 Rf2+ 73.Ke4 Rf6 74.Ra8+ Rf8 75.Rxa2 Re8+ 76.Kf5 Rf8+
77.Ke6 Re8+ 78.Kf6  1-0

[Event "URS-ch U26"]
[Site "Vilnius"]
[Date "1978.??.??"]
[Round "11"]
[White "Ivanov, Alexander"]
[Black "Gavrikov, Viktor"]
[Result "1/2-1/2"]
[WhiteElo "2395"]
[BlackElo "2340"]

1.e4 c5 2.Nf3 Nc6 3.d4 cxd4 4.Nxd4 Nf6 5.Nc3 e5 6.Ndb5 d6 7.Bg5 a6 8.Na3 Be6
9.Nc4 Rc8 10.a4 Nd4 11.Bxf6 Qxf6 12.Ne3 Qd8 13.Bd3 g6 14.O-O Bg7 15.Ncd5 O-O
16.a5 Nc6 17.Nb6 Rb8 18.Qd2 Bh6 19.Bc4 Qe7 20.Ra3 Rfd8 21.Rd3 Kh8 22.Bd5 Qf8
23.Rd1 Nd4 24.Bxe6 fxe6 25.b4 Bg5 26.c3 Nb5 27.Qe2 Be7 28.g3 Qf7 29.Nec4 g5
30.Kg2 Rg8 31.h3 Rbd8 32.Nd2 Bf6 33.Nf3 Rdf8 34.Nc4 Be7 35.Ncd2 Rd8 36.c4 Na7
37.Nb3 Qe8 38.Qe3 Nc6 39.Qd2 Rc8 40.Qe1 Qg6 41.c5 dxc5 42.Nxc5 Bxc5 43.bxc5 Rc7
44.Rd6 Rf8 45.R1d3 Rcf7 46.Rd7 g4 47.hxg4 Qxg4 48.Rxf7 Rxf7 49.Qe3 Qg6 50.Rd6 Qf6
51.Ng5 Re7 52.Qf3 Qxf3+ 53.Nxf3 Kg7 54.Rd1 Kf6 55.Ra1 Rc7 56.Rh1 Kg7 57.Ng5 Kg8
58.Nxe6 Re7 59.Rh6 Nxa5 60.f4 Nb3 61.f5 a5 62.Rf6 Re8 63.c6 bxc6 64.Ng5 a4
65.Rxc6 Ra8 66.Rc7 h6 67.Nf7 Ra6 68.Nxe5 a3 69.f6 Rxf6 70.Ra7 Nc5 71.Rxa3  1/2-1/2

[Event "URS-ch U26"]
[Site "Vilnius"]
[Date "1978.??.??"]
[Round "12"]
[White "Zaichik, Gennadi"]
[Black "Ivanov, Alexander"]
[Result "0-1"]
[WhiteElo "2470"]
[BlackElo "2395"]

1.Nf3 Nf6 2.c4 e6 3.g3 a6 4.Bg2 b5 5.b3 Bb7 6.O-O Be7 7.Bb2 c5 8.Nc3 bxc4
9.bxc4 Nc6 10.Rb1 Rb8 11.Na4 O-O 12.Bxf6 gxf6 13.Rb6 Qc7 14.Qb3 Na5 15.Qc2 f5
16.Rfb1 Bc6 17.Rxb8 Rxb8 18.Rxb8+ Qxb8 19.Ne1 Qe5 20.Bxc6 Qxe2 21.Bxd7 Qxe1+
22.Kg2 Qe2 23.Nc3 Qxc4 24.Qa4 Qb4 25.Bc8 Qb6 26.Qe8+ Bf8 27.d3 Nb7 28.Na4 Qb4
29.Qc6 Na5 30.Qe8 Qb5 31.Qd7 Qb8 32.Kh3 Qb5 33.Kg2 c4 34.dxc4 Qxc4 35.Nb6 Qe4+
36.Kh3 Qg4+ 37.Kg2 Qb4 38.Qd8 Nc6 39.Qg5+ Bg7 40.Nd7 Qd4 41.Qe3 Qd6 42.Qf3 a5
43.a4 h6 44.Ba6 Nd4 45.Qa8+ Kh7 46.Qb7 Kg6 47.Bd3 Qa3 48.Bb5 Qc3 49.Qa8 Kh7
50.Qe8 Qf3+ 51.Kg1 Qh5 52.h4 Qg6 53.Bd3 h5 54.Kg2 e5 55.Bc4 Qc6+  0-1

[Event "URS-ch U26"]
[Site "Vilnius"]
[Date "1978.??.??"]
[Round "15"]
[White "Psakhis, Lev"]
[Black "Ivanov, Alexander"]
[Result "1-0"]
[WhiteElo "2480"]
[BlackElo "2395"]

1.e4 e5 2.Nf3 Nc6 3.Bb5 d6 4.O-O Bd7 5.Re1 Nge7 6.c3 Ng6 7.d4 Be7 8.Be3 O-O
9.d5 Nb8 10.c4 Bg4 11.h3 Bc8 12.Nc3 h6 13.Ba4 Nd7 14.b4 Nf6 15.Rc1 Nh7 16.c5 Bg5
17.Bc2 Bf4 18.Bxf4 Nxf4 19.Ne2 g5 20.Nh2 Kh8 21.Ng3 a5 22.a3 axb4 23.axb4 Rg8
24.Ng4 Bxg4 25.hxg4 h5 26.f3 h4 27.Nf5 Nf8 28.Qd2 Nd7 29.Bb1 Ra3 30.Kf2 Rg6
31.g3 hxg3+ 32.Kxg3 Kg8 33.Rh1 dxc5 34.bxc5 Kf8 35.c6 Nb8 36.Rh8+ Rg8 37.Qb4+  1-0

[Event "URS-ch otbor"]
[Site "Beltsy"]
[Date "1979.??.??"]
[Round "?"]
[White "Ivanov, Alexander"]
[Black "Malevinsky, Alexander A"]
[Result "1/2-1/2"]
[WhiteElo "2395"]
[BlackElo "2440"]

1.e4 e5 2.Nf3 Nc6 3.Bb5 a6 4.Ba4 Nf6 5.O-O Be7 6.Re1 b5 7.Bb3 O-O 8.c3 d6
9.h3 Qd7 10.d4 Re8 11.Nbd2 Bf8 12.Bc2 Bb7 13.d5 Ne7 14.b3 c6 15.c4 g6 16.Nf1 cxd5
17.cxd5 Nh5 18.a4 Bg7 19.b4 f5 20.Bg5 fxe4 21.Bxe4 Nf4 22.Ne3 Kh8 23.axb5 axb5
24.Ra5 Ng8 25.Qd2 Nf6 26.Bxf6 Bxf6 27.h4 Rxa5 28.bxa5 Ra8 29.g3 Nh5 30.Ra1 Bd8
31.Ng5 Bb6 32.Ra2 Bc5 33.Ne6 Bxe3 34.Qxe3 Nf6 35.Ng5 h6 36.Nf3 Nxe4 37.Qxe4 Qf5
38.Qe3 Bxd5 39.Ra3 Kg7 40.Nd2 b4 41.Ra4 b3 42.Kh2 b2 43.Rb4 Qc2 44.Rb6 Rxa5
45.Rxd6 Bf7 46.Rb6 Rd5 47.Qf3 Qf5 48.Rxb2 Rd3 49.Qe2 Bd5 50.Rc2 g5 51.Nc4 Be4
52.Rd2 Rxd2 53.Nxd2 Bd5 54.Qe3 gxh4 55.gxh4 Kg6 56.Kg3 Be6  1/2-1/2

[Event "URS-FL"]
[Site "Frunze"]
[Date "1979.??.??"]
[Round "6"]
[White "Ivanov, Alexander"]
[Black "Anikaev, Yuri N"]
[Result "0-1"]
[WhiteElo "2395"]
[BlackElo "2455"]

1.e4 c5 2.Nf3 d6 3.d4 cxd4 4.Nxd4 Nf6 5.Nc3 e6 6.g4 h6 7.g5 hxg5 8.Bxg5 Nc6
9.Qd2 Qb6 10.Nb3 a6 11.O-O-O Qc7 12.h4 Bd7 13.Be2 b5 14.a3 b4 15.axb4 Nxb4
16.f4 Rb8 17.f5 e5 18.Rh3 Bc6 19.Bxf6 gxf6 20.Kb1 a5 21.Nd5 Bxd5 22.exd5 a4
23.Nc1 Bh6 24.Qc3 Qb6 25.Qa3 Ke7 26.Na2 Nxa2 27.Kxa2 Rhc8 28.Kb1 Rc7 29.Rc3 Rxc3
30.Qxc3 Be3 31.Qa3 Bc5 32.Qa2 Bd4 33.b3 axb3 34.cxb3 Ra8  0-1

[Event "URS-FL"]
[Site "Frunze"]
[Date "1979.??.??"]
[Round "10"]
[White "Ivanov, Alexander"]
[Black "Vitolinsh, Alvis"]
[Result "1-0"]
[WhiteElo "2395"]
[BlackElo "2430"]

1.e4 c5 2.Nf3 e6 3.c3 d5 4.exd5 Nf6 5.Bb5+ Bd7 6.Bxd7+ Qxd7 7.dxe6 Qxe6+
8.Qe2 Qxe2+ 9.Kxe2 Nc6 10.d3 O-O-O 11.Rd1 Bd6 12.Bg5 Rhe8+ 13.Kf1 Re6 14.Nbd2 h6
15.Bxf6 Rxf6 16.Re1 Bc7 17.Ne4 Rf5 18.Rad1 b6 19.d4 cxd4 20.Nxd4 Nxd4 21.Rxd4 Rxd4
22.cxd4 Kd7 23.Ke2 Rf4 24.Ke3 Rh4 25.h3 b5 26.Nc5+ Kc6 27.Kd3 Rf4 28.f3 h5
29.Rc1 Kb6 30.Nd7+ Kb7 31.Rc5 Rh4 32.Rf5 Kc6 33.Rxf7 Kd5 34.Rxg7 Rxd4+ 35.Ke2 Rc4
36.Nf6+ Ke6 37.Nxh5 Be5 38.Rxa7 Rc2+ 39.Ke3 Rxg2 40.Nf4+ Bxf4+ 41.Kxf4 Rxb2
42.h4 Kf6 43.Ra6+ Kg7 44.Kg5 Rg2+ 45.Kf5 Rh2 46.Ra7+ Kh6 47.Ra6+ Kg7 48.Kg4 Rg2+
49.Kh3 Rb2 50.f4 b4 51.Kg4 b3 52.a4 Rb1 53.Ra7+ Kf6 54.Ra6+ Kg7 55.Kf5 Ra1
56.Rb6 Rxa4 57.Kg5 Ra1 58.Rb7+ Kg8 59.Rxb3 Rg1+ 60.Kf5 Rh1 61.Rg3+ Kh7 62.Kg5 Kg7
63.h5 Rh2 64.Rg1 Ra2 65.f5 Rb2 66.Rg3 Rb1 67.h6+ Kh7 68.Ra3 Rg1+ 69.Kf6 Rb1
70.Re3 Rg1 71.Re8 Rb1 72.Ke6 Rb6+ 73.Kf7 Ra6 74.Re1 Ra8 75.f6 Ra7+ 76.Re7 Ra8
77.Re8 Ra7+ 78.Ke6 Ra6+ 79.Kf5 Ra5+ 80.Re5 Ra1 81.f7 Rf1+ 82.Ke6 Kg6 83.Rg5+ Kxg5
84.h7 Re1+ 85.Kd7 Rd1+ 86.Ke8 Re1+ 87.Kf8 Rh1 88.Kg7  1-0

[Event "URS-FL"]
[Site "Frunze"]
[Date "1979.??.??"]
[Round "13"]
[White "Bagirov, Vladimir"]
[Black "Ivanov, Alexander"]
[Result "1/2-1/2"]
[WhiteElo "2545"]
[BlackElo "2395"]

1.d4 Nf6 2.c4 e6 3.Nc3 Bb4 4.e3 O-O 5.Bd3 d5 6.a3 Bxc3+ 7.bxc3 dxc4 8.Bxc4 c5
9.Ne2 Qc7 10.Bd3 e5 11.O-O Nc6 12.e4 cxd4 13.cxd4 exd4 14.Qc2 Rd8 15.h3 Ne8
16.f4 Na5 17.Qxc7 Nxc7 18.Bb2 Ne6 19.Rf3 b6 20.f5 Nc5 21.Nxd4 Bb7 22.Re1 Nab3
23.Nxb3 Nxd3 24.Re2 Nxb2 25.Rxb2 Bxe4 26.Rf4 Rd1+ 27.Kh2 Bd5 28.Nd4 Rc8 29.a4 Rc4
30.Ne2 Kf8 31.f6 gxf6 32.a5 bxa5 33.Rxf6 a4 34.Ra6 Rd3 35.Ng3 Rb3 36.Rd2 Be6
37.Rxa7 a3 38.Nh5 Rc8 39.Rd4 Rbc3 40.Rda4 a2 41.Nf4 Bc4 42.Rxa2 Bxa2 43.Rxa2 Rc2
44.Ra1 Kg7 45.Kg3 R8c4 46.Ra5 Rc5 47.Ra7 Rc7 48.Ra5 R2c5 49.Ra1 Rc4 50.Kf3 R7c5
51.Ra7 Kf6 52.g3 Rg5 53.Ra3 Kg7 54.Rb3 Ra4 55.Rc3 Rb4 56.Ra3 Rgb5 57.Kg4 Rb3
58.Ra7 R3b4 59.Rc7 Kf6 60.Kh4 Rb7 61.Rc5 R4b5 62.Rc8 Re7 63.Rh8 Kg7 64.Rc8 Re4
65.Rc6 Reb4 66.Rc7 Rb6 67.Rc5 Rb7 68.Rg5+ Kf8 69.Rc5 h6 70.Rc6 R7b6 71.Rc7 Kg7
72.Kg4 Rg6+ 73.Kh4 Ra6 74.Rc5 Rba4 75.Rb5 Kf8 76.Rb7 Ra7 77.Rb6 R4a6 78.Rb5 Ke7
79.Re5+ Kd8 80.Rb5 Rf6 81.Kg4 Kd7 82.Rd5+ Kc6 83.Re5 Ra4 84.Kh4 Rb4 85.Ra5 Kb6
86.Rd5 Re4 87.Kg4 Rc4 88.Re5 Rc5 89.Re7 Kb5 90.Rd7 Kc4 91.Rd1 Rg5+ 92.Kh4 Ra5
93.Kg4 Ra4 94.Rd2 Kc3 95.Rd3+ Kc2 96.Rd7 Kc1 97.Kh4 Ra2  1/2-1/2

[Event "URS-FL"]
[Site "Frunze"]
[Date "1979.??.??"]
[Round "15"]
[White "Kochyev, Alexander"]
[Black "Ivanov, Alexander"]
[Result "1/2-1/2"]
[WhiteElo "2545"]
[BlackElo "2395"]

1.d4 Nf6 2.c4 e6 3.g3 d5 4.Nf3 dxc4 5.Bg2 b5 6.Ne5 Nd5 7.O-O a6 8.a4 c6 9.b3 cxb3
10.Qxb3 Be7 11.e4 Nb6 12.Rd1 O-O 13.Nc3 Bf6 14.Ng4 Be7 15.Ne5 Bf6 16.Ng4 Be7
17.Ne5 Bf6 18.Ng4  1/2-1/2

[Event "URS-FL"]
[Site "Frunze"]
[Date "1979.??.??"]
[Round "16"]
[White "Ivanov, Alexander"]
[Black "Makarichev, Sergey"]
[Result "1/2-1/2"]
[WhiteElo "2395"]
[BlackElo "2500"]

1.e4 e5 2.Nf3 Nf6 3.d4 Nxe4 4.Bd3 d5 5.Nxe5 Bd6 6.O-O O-O 7.Re1 Nd7 8.Nxd7 Bxh2+
9.Kxh2 Qh4+ 10.Kg1 Qxf2+ 11.Kh2 Qh4+ 12.Kg1 Qf2+ 13.Kh2 Qh4+ 14.Kg1 Qf2+  1/2-1/2

[Event "URS-FL"]
[Site "Frunze"]
[Date "1979.??.??"]
[Round "17"]
[White "Yurtaev, Leonid"]
[Black "Ivanov, Alexander"]
[Result "1/2-1/2"]
[WhiteElo "2365"]
[BlackElo "2395"]

1.e4 c6 2.Nc3 d5 3.d4 dxe4 4.Nxe4 Nd7 5.Bc4 Ngf6 6.Nxf6+ Nxf6 7.Nf3 Bf5 8.Bg5 e6
9.Qe2 Be7 10.O-O-O Bg4 11.h3 Bxf3 12.Qxf3 Nd5 13.Bxe7 Qxe7 14.Rhe1 O-O-O
15.Bxd5 Rxd5 16.Kb1 Rhd8 17.c3 c5 18.dxc5 Rxd1+ 19.Rxd1 Rxd1+ 20.Qxd1 Qxc5
21.Qd2 f6 22.b3  1/2-1/2

[Event "WchT U26"]
[Site "Mexico"]
[Date "1980.??.??"]
[Round "?"]
[White "Ivanov, Alexander"]
[Black "Neuenschwander, Beat"]
[Result "1-0"]
[WhiteElo "2425"]
[BlackElo "2200"]

1.e4 c5 2.Nf3 Nf6 3.e5 Nd5 4.d4 cxd4 5.Qxd4 e6 6.a3 Nc6 7.Qe4 f5 8.Qe2 Qc7
9.c4 Nde7 10.b3 Ng6 11.Bb2 b6 12.h4 h5 13.Nc3 Ba6 14.Nb5 Bxb5 15.cxb5 Nce7
16.g3 Rc8 17.Bg2 Qc2 18.Rc1 Qxb3 19.O-O Rc5 20.Nd4 Qa4 21.Rfd1 Rxe5 22.Qd3 Rc5
23.Rxc5 bxc5 24.Nxf5 d5 25.Nd6+ Kd7 26.Nf7 c4 27.Qe2 Qxb5 28.Re1 Qb6 29.Bh3 Rg8
30.Bxe6+ Kc7 31.Be5+ Kb7 32.Nd6+ Ka8 33.Bxg8 Nxg8 34.Bd4 Qxd6 35.Qe8+ Kb7
36.Rb1+ Kc7 37.Qb8+ Kd7 38.Rb7+ Kc6 39.Qc8+  1-0

[Event "WchT U26"]
[Site "Mexico"]
[Date "1980.??.??"]
[Round "?"]
[White "Ivanov, Alexander"]
[Black "Rocha, Antonio"]
[Result "1/2-1/2"]
[WhiteElo "2425"]
[BlackElo "2355"]

1.e4 e5 2.Nf3 Nc6 3.Bb5 f5 4.Nc3 fxe4 5.Nxe4 d5 6.Nxe5 dxe4 7.Nxc6 Qd5 8.c4 Qd6
9.Nxa7+ Bd7 10.Bxd7+ Qxd7 11.Qh5+ g6 12.Qe5+ Kf7 13.Nb5 c6 14.Qd4 Rd8 15.Qxd7+ Rxd7
16.Nc3 Nf6 17.Rf1 Bc5 18.f3 exf3 19.Rxf3 Kg7 20.b3 Ng4 21.Bb2 Re8+ 22.Kd1 Kg8
23.Kc2 Nxh2 24.Rg3 Bf2 25.Rd3 Rf7 26.a4 Bc5 27.Rh3 Ng4 28.Rf3 Rd7 29.a5 Bd4
30.a6 Ne5 31.Rh3 bxa6 32.Rxa6 Rf8 33.Ne4 Bxb2 34.Kxb2 Rd4 35.Re3 Rxe4 36.Rxe4 Nd3+
37.Kc3 Nc5 38.Rxc6 Nxe4+ 39.Kd3 Nf2+ 40.Kc2 Rd8  1/2-1/2

[Event "URS-ch U26"]
[Site "Riga"]
[Date "1980.??.??"]
[Round "?"]
[White "Ivanov, Alexander"]
[Black "Gavrikov, Viktor"]
[Result "1/2-1/2"]
[WhiteElo "2425"]
[BlackElo "2365"]

1.e4 c5 2.Ne2 d6 3.Nbc3 a6 4.g3 Nc6 5.Bg2 e6 6.d4 cxd4 7.Nxd4 Qc7 8.O-O Nf6
9.Re1 Rb8 10.Nxc6 bxc6 11.e5 dxe5 12.Rxe5 Qxe5 13.Bf4 Qc5 14.Bxb8 Be7 15.Qf3 Nd5
16.Rc1 Qb6 17.Be5 f6 18.Nxd5 cxd5 19.Qc3 Qc5 20.Qxc5 Bxc5 21.c4 d4 22.b4 Bxb4
23.Bxd4 Ba5 24.Rb1 Kd7 25.c5 Rd8 26.c6+ Kc7 27.Ba7 Rd2 28.h4 Rxa2 29.Rb8 Ra1+
30.Kh2 e5 31.Ra8 Rb1 32.Bc5 Bb6 33.Bxb6+ Rxb6 34.Ra7+ Kd6 35.Rxg7 a5 36.Rg8 Kc7
37.Rg7+ Kd6  1/2-1/2

[Event "URS-ch U26"]
[Site "Riga"]
[Date "1980.??.??"]
[Round "?"]
[White "Ivanov, Alexander"]
[Black "Zaichik, Gennadi"]
[Result "1-0"]
[WhiteElo "2425"]
[BlackElo "2425"]

1.e4 d6 2.d4 Nf6 3.Nc3 g6 4.Be3 Bg7 5.Qd2 O-O 6.f3 c6 7.h4 e5 8.O-O-O exd4
9.Bxd4 d5 10.h5 dxe4 11.hxg6 hxg6 12.Qf4 Nh5 13.Bxg7 Nxf4 14.Rxd8 Rxd8 15.Bf6  1-0

[Event "URS-ch U26"]
[Site "Riga"]
[Date "1980.??.??"]
[Round "?"]
[White "Kharitonov, Andrei Y"]
[Black "Ivanov, Alexander"]
[Result "0-1"]
[WhiteElo "2435"]
[BlackElo "2425"]

1.d4 Nf6 2.c4 e6 3.Nf3 b6 4.e3 Bb7 5.Bd3 c5 6.O-O Be7 7.b3 O-O 8.Bb2 cxd4
9.exd4 d5 10.Qe2 Nc6 11.Nbd2 Nb4 12.Bb1 Rc8 13.a3 Nc6 14.Bd3 Bd6 15.Ne5 Bb8
16.Nxc6 Rxc6 17.Rae1 Bf4 18.Nf3 Rc7 19.Ne5 Qe7 20.g3 Bxe5 21.dxe5 Nd7 22.cxd5 Bxd5
23.b4 a5 24.Qd2 axb4 25.axb4 Rfc8 26.Ra1 Nb8 27.Rfc1 Nc6 28.Bc3 Rd8 29.Qf4 Qd7
30.b5 Ne7 31.Bb4 Rxc1+ 32.Rxc1 Nf5 33.Bd6 Ra8 34.Bf1 h6 35.Rc7 Qe8 36.Rc1 Ra7
37.Bd3 Qd7 38.Qb4 Qd8 39.Qf4 Qa8 40.Bxf5 exf5 41.Qxf5 Ra1 42.Qf4 Qa4 43.Qd2 Qd4
44.Qe1 Qe4  0-1

[Event "Yerevan op"]
[Site "Yerevan"]
[Date "1983.??.??"]
[Round "1"]
[White "Ivanov, Alexander"]
[Black "Osnos, Viatcheslav"]
[Result "0-1"]
[WhiteElo "2425"]
[BlackElo "2455"]

1.Nf3 Nf6 2.c4 e6 3.Nc3 Bb4 4.a3 Bxc3 5.bxc3 d6 6.d3 e5 7.e4 Nbd7 8.g3 Nc5
9.Bg2 O-O 10.O-O Bd7 11.Rb1 Re8 12.Nh4 Rb8 13.f4 b5 14.fxe5 dxe5 15.Bg5 bxc4
16.Rxb8 Qxb8 17.Bxf6 gxf6 18.d4 Nd3 19.Rxf6 Qb2 20.Nf5 Bxf5 21.Rxf5 Qxc3
22.Qg4+ Kh8 23.h3 Qxd4+ 24.Kh2 Qd7 25.Qh5 Rf8 26.Bf1 f6 27.Qf3 Qd6 28.g4 h6
29.Qe3 Kg7 30.h4 Qd4 31.Qxd4 exd4 32.Rd5 Ne5 33.Kg3 d3 34.Kf4 Rf7 35.Ke3 Nxg4+
36.Kd2 Ne5 37.Bh3 c6 38.Rd6 Rb7  0-1

[Event "Yerevan op"]
[Site "Yerevan"]
[Date "1983.??.??"]
[Round "6"]
[White "Ivanov, Alexander"]
[Black "Filipenko, Alexander V"]
[Result "1-0"]
[WhiteElo "2425"]
[BlackElo "2370"]

1.d4 d5 2.c4 c6 3.e3 Nf6 4.Nf3 Bf5 5.Nc3 e6 6.Be2 h6 7.Bd3 Bxd3 8.Qxd3 Nbd7
9.O-O Bd6 10.e4 dxe4 11.Nxe4 Nxe4 12.Qxe4 O-O 13.Bd2 Nf6 14.Qe2 Qc7 15.Bc3 Rfe8
16.Rfe1 a5 17.a4 Nd7 18.g3 Be7 19.Qc2 Bf6 20.Rad1 b6 21.Re2 Qb7 22.Nd2 Red8
23.Ne4 Be7 24.b3 Nf6 25.f3 Rd7 26.Red2 Rad8 27.Rd3 Ne8 28.Qe2 Nc7 29.Nf2 Na6
30.Ng4 c5 31.d5 exd5 32.cxd5 Bf8 33.Qe5 f6 34.Qe6+ Kh8 35.Nxf6 gxf6 36.Bxf6+ Bg7
37.Bxd8 Rxd8 38.d6 Nb4 39.d7 Nxd3 40.Qe8+ Kh7 41.Qxd8 Qxf3 42.Qg8+ Kxg8 43.d8=Q+ Kf7
44.Rxd3 Qe2 45.Rd7+ Kg6 46.Qxb6+ Bf6 47.Qxc5 Qe1+ 48.Kg2 Qe2+ 49.Qf2 Qe4+
50.Qf3 Qc2+ 51.Kh3  1-0

[Event "URS-ch sf"]
[Site "Kostroma"]
[Date "1985.??.??"]
[Round "2"]
[White "Yandemirov, Valeri"]
[Black "Ivanov, Alexander"]
[Result "1/2-1/2"]
[WhiteElo "2200"]
[BlackElo "2400"]

1.e4 c5 2.Nf3 d6 3.d4 cxd4 4.Nxd4 Nf6 5.Nc3 Nc6 6.Be2 e6 7.O-O Be7 8.Be3 O-O
9.Kh1 Bd7 10.Ndb5 Qb8 11.a4 Rd8 12.f4 d5 13.e5 Ne4 14.Nxe4 dxe4 15.Qb1 a6
16.Nc3 b5 17.axb5 axb5 18.Nxe4 Rxa1 19.Qxa1 Nb4 20.Qb1 Bc6 21.c3 Qa8 22.Bf3 Rd3
23.Bc5 Bxe4 24.Bxe4 Qxe4 25.cxb4 Bxc5 26.bxc5 Qd5 27.b4 h5 28.Qe1 Rd2 29.Qg3 Rd3
30.Qf2 g6 31.Rc1 h4 32.h3 Rxh3+ 33.Kg1 Rd3 34.Qxh4 Rd2 35.Qg3 Qd4+ 36.Kh1 Qb2
37.Rc3 Rxg2 38.Qxg2 Qxc3 39.Qe4 Qc1+ 40.Kg2 Qd2+ 41.Kf3 Qc3+ 42.Ke2 Qb2+
43.Kd1 Qa1+ 44.Kc2 Qa2+ 45.Kc1 Qa3+ 46.Kd1 Qa1+ 47.Kd2 Qb2+ 48.Kd1  1/2-1/2